[Event "ARG-ch U2000"]
[Site "Tacuari"]
[Date "2018.11.18"]
[Round "6"]
[White "Carlino, Esteban Ezequiel"]
[Black "Montoro, Gustavo Ernesto"]
[Result "1-0"]
[WhiteElo "1910"]
[BlackElo "1991"]
[PlyCount "61"]
[EventDate "2018.11.16"]
[EventType "swiss"]
[EventRounds "8"]
[EventCountry "ARG"]
[SourceTitle "EXT 2020"]
[Source "ChessBase"]
[SourceDate "2019.10.17"]
[SourceVersion "1"]
[SourceVersionDate "2019.10.17"]
[SourceQuality "1"]

1. e4 e6 2. d4 d5 3. Nc3 Nf6 4. e5 Nfd7 5. Nf3 c5 6. dxc5 Nc6 7. Bf4 Bxc5 8. Bd3 a6 9. a3 f6 10. exf6 Qxf6 11. Bg3 0-0 12. 0-0 h6 13. Qe2 Ba7 14. Rad1 g5 15. h3 Nc5 16. Be5 Nxe5 17. Nxe5 Nxd3 18. Rxd3 Bb8 19. Ng4 Qg7 20. Rf3 Bd6 21. Rxf8+ Qxf8 22. Qd3 Kg7 23. Qd4+ Kh7 24. Re1 Qf4 25. Qd3+ Kg7 26. g3 Qf5 27. Qd4+ Kh7 28. Nf6+ Kg6 29. Ne8 Bf8 30. g4 Qxc2 31. Qf6+ 1-0

[Event "Villa Martelli zt 2.5"]
[Site "Villa Martelli"]
[Date "2017.04.30"]
[Round "1"]
[White "Montoro, Gustavo Ernesto"]
[Black "Jodorcovsky Werjivker, Paulo"]
[Result "0-1"]
[WhiteElo "1968"]
[BlackElo "2219"]
[PlyCount "68"]
[EventDate "2017.04.30"]
[EventType "swiss"]
[EventRounds "9"]
[EventCountry "ARG"]
[SourceTitle "CBM 178 Extra"]
[Source "ChessBase"]
[SourceDate "2017.06.22"]
[SourceVersion "1"]
[SourceVersionDate "2017.06.22"]
[SourceQuality "1"]

1. e4 c5 2. Nc3 Nc6 3. f4 e6 4. Nf3 d5 5. Bb5 Nge7 6. exd5 exd5 7. Ne5 f6 8. Qh5+ g6 9. Nxg6 hxg6 10. Qxh8 Qd6 11. 0-0 Bf5 12. d3 0-0-0 13. Bxc6 Nxc6 14. Nb5 Qd7 15. Qxf6 Bg7 16. Qg5 a6 17. Nc3 Nb4 18. Bd2 Nxc2 19. Rac1 Nb4 20. b3 Nxd3 21. Na4 Bd4+ 22. Kh1 Kb8 23. Qg3 Nxc1 24. Rxc1 Qd6 25. Be3 Bxe3 26. Qxe3 d4 27. Qd2 Rc8 28. h3 d3 29. g4 Bd7 30. Nb2 Bc6+ 31. Kh2 Re8 32. Kg3 Re2 33. Qc3 Rg2+ 34. Kh4 Qe7+ 0-1

[Event "CP-2016-P-00020"]
[Site "LSS email"]
[Date "2016.09.27"]
[Round "?"]
[White "Pilgram, Kurt"]
[Black "Montoro, Gustavo Ernesto"]
[Result "1/2-1/2"]
[WhiteElo "2040"]
[BlackElo "1892"]
[PlyCount "36"]
[EventDate "2016.10.01"]
[EventType "tourn (corr)"]
[EventRounds "6"]
[EventCountry "GER"]
[SourceTitle "Corr 2022"]
[Source "ChessBase"]
[SourceDate "2021.10.24"]
[SourceVersion "1"]
[SourceVersionDate "2021.10.24"]
[SourceQuality "1"]

1. d4 d5 2. c4 e5 3. e3 exd4 4. exd4 Nc6 5. Nf3 Bg4 6. Be2 dxc4 7. 0-0 Nf6 8. Be3 Be7 9. Bxc4 0-0 10. Nc3 Rb8 11. d5 Bxf3 12. Qxf3 Ne5 13. Qe2 Nxc4 14. Qxc4 b5 15. Qd3 a6 16. a3 c5 17. Rad1 Bd6 18. Bg5 Re8 1/2-1/2

[Event "CP-2016-P-00020"]
[Site "LSS email"]
[Date "2016.09.27"]
[Round "?"]
[White "Schild, Reinhard"]
[Black "Montoro, Gustavo Ernesto"]
[Result "1/2-1/2"]
[WhiteElo "2045"]
[BlackElo "1892"]
[PlyCount "74"]
[EventDate "2016.10.01"]
[EventType "tourn (corr)"]
[EventRounds "6"]
[EventCountry "GER"]
[SourceTitle "Corr 2022"]
[Source "ChessBase"]
[SourceDate "2021.10.24"]
[SourceVersion "1"]
[SourceVersionDate "2021.10.24"]
[SourceQuality "1"]

1. d4 d5 2. Nf3 Nf6 3. e3 Bf5 4. c4 e6 5. Nc3 c6 6. Nh4 Bg4 7. Qb3 Qb6 8. h3 Bh5 9. g4 Bg6 10. Nxg6 hxg6 11. g5 Nfd7 12. e4 e5 13. Qxb6 axb6 14. cxd5 exd4 15. Ne2 Rh4 16. Bg2 cxd5 17. exd5 Nc5 18. 0-0 Nb3 19. Rb1 Rxa2 20. Bf4 d3 21. Nc3 Rxf4 22. Nxa2 d2 23. Nc3 Na6 24. Rbd1 Nac5 25. Ne2 Rc4 26. d6 Bxd6 27. Bd5 Rc2 28. f4 Be7 29. Rf3 Rxb2 30. Kf1 b5 31. h4 f5 32. Re3 b6 33. h5 gxh5 34. Ng3 Nd4 35. Nxh5 Kd7 36. Nxg7 Bf8 37. Nh5 b4 1/2-1/2

[Event "SB-2016-0-00461"]
[Site "LSS email"]
[Date "2016.08.28"]
[Round "?"]
[White "Montoro, Gustavo Ernesto"]
[Black "Posada, Charlie"]
[Result "0-1"]
[WhiteElo "1884"]
[BlackElo "1941"]
[PlyCount "58"]
[EventDate "2016.08.03"]
[EventType "tourn (corr)"]
[EventRounds "6"]
[EventCountry "GER"]
[SourceTitle "Corr 2022"]
[Source "ChessBase"]
[SourceDate "2021.10.24"]
[SourceVersion "1"]
[SourceVersionDate "2021.10.24"]
[SourceQuality "1"]

1. e4 e5 2. Nf3 Nc6 3. Bc4 Bc5 4. b4 Bxb4 5. c3 Ba5 6. d4 b5 7. Bxb5 Nxd4 8. Nxd4 exd4 9. Qxd4 Qf6 10. 0-0 Bb6 11. Qd3 Ne7 12. Nd2 0-0 13. Nf3 Ng6 14. Bg5 Qe6 15. Bc4 Ne5 16. Nxe5 Qxe5 17. Be3 Bb7 18. f3 Rae8 19. Bxb6 axb6 20. Qxd7 Rd8 21. Bxf7+ Kh8 22. Qe6 Qg5 23. f4 Qc5+ 24. Kh1 Qxc3 25. Rae1 Qf6 26. Qxf6 gxf6 27. Be6 Rd2 28. f5 Rfd8 29. Kg1 c5 0-1

[Event "SB-2016-0-00460"]
[Site "LSS email"]
[Date "2016.08.20"]
[Round "?"]
[White "Dreisch, Juergen"]
[Black "Montoro, Gustavo Ernesto"]
[Result "0-1"]
[WhiteElo "2002"]
[BlackElo "1889"]
[PlyCount "34"]
[EventDate "2016.07.18"]
[EventType "tourn (corr)"]
[EventRounds "6"]
[EventCountry "GER"]
[SourceTitle "Corr 2022"]
[Source "ChessBase"]
[SourceDate "2021.10.24"]
[SourceVersion "1"]
[SourceVersionDate "2021.10.24"]
[SourceQuality "1"]

1. b4 e5 2. e4 Bxb4 3. c3 Be7 4. d4 exd4 5. cxd4 d5 6. e5 c5 7. Nc3 Qa5 8. Bd2 cxd4 9. Nb5 Qd8 10. Nf3 Nc6 11. Nbxd4 Nxd4 12. Nxd4 Bd7 13. Bd3 Bc5 14. Nb5 a6 15. Nd6+ Bxd6 16. exd6 Nf6 17. Qe2+ Be6 0-1

[Event "SB-2016-0-00460"]
[Site "LSS email"]
[Date "2016.08.20"]
[Round "?"]
[White "Obukhov, Gennady Nikolaevich"]
[Black "Montoro, Gustavo Ernesto"]
[Result "1/2-1/2"]
[WhiteElo "1893"]
[BlackElo "1889"]
[PlyCount "65"]
[EventDate "2016.07.18"]
[EventType "tourn (corr)"]
[EventRounds "6"]
[EventCountry "GER"]
[SourceTitle "Corr 2022"]
[Source "ChessBase"]
[SourceDate "2021.10.24"]
[SourceVersion "1"]
[SourceVersionDate "2021.10.24"]
[SourceQuality "1"]

1. e4 e6 2. d4 d5 3. Nd2 Nf6 4. e5 Nfd7 5. Bd3 c5 6. c3 Nc6 7. Ne2 cxd4 8. cxd4 f6 9. exf6 Nxf6 10. 0-0 Bd6 11. Nf3 Qc7 12. g3 0-0 13. Bf4 Ng4 14. Qc2 Bxf4 15. gxf4 Rxf4 16. Bxh7+ Kh8 17. Qg6 Bd7 18. Qg5 Raf8 19. Bc2 Rxf3 20. Qxg4 Be8 21. Qh4+ Kg8 22. Qh7+ Kf7 23. Bg6+ Ke7 24. Qxg7+ Kd8 25. Qxc7+ Kxc7 26. Bxe8 Rg8+ 27. Kh1 Rxe8 28. Rac1 Kd6 29. Rc3 Rf7 30. f4 Ne7 31. Rg1 Nf5 32. h3 Rh7 33. b4 1/2-1/2

[Event "SB-2016-0-00459"]
[Site "LSS email"]
[Date "2016.08.11"]
[Round "?"]
[White "Montoro, Gustavo Ernesto"]
[Black "Gulbis, Harijs"]
[Result "1-0"]
[WhiteElo "1892"]
[BlackElo "1940"]
[PlyCount "87"]
[EventDate "2016.07.02"]
[EventType "tourn (corr)"]
[EventRounds "6"]
[EventCountry "GER"]
[SourceTitle "Corr 2022"]
[Source "ChessBase"]
[SourceDate "2021.10.24"]
[SourceVersion "1"]
[SourceVersionDate "2021.10.24"]
[SourceQuality "1"]

1. e4 c5 2. f4 d5 3. exd5 Nf6 4. Bb5+ Bd7 5. Bxd7+ Qxd7 6. c4 e6 7. dxe6 Qxe6+ 8. Qe2 Nc6 9. Qxe6+ fxe6 10. Nc3 Nb4 11. Ke2 Nc2 12. Rb1 Rd8 13. Nf3 Nd4+ 14. Nxd4 cxd4 15. Nd1 d3+ 16. Kf3 Bc5 17. b4 Bb6 18. Re1 Kf7 19. c5 Bc7 20. Bb2 h6 21. Nf2 Rd5 22. g3 Re8 23. Re3 e5 24. fxe5 Bxe5 25. Rxe5 Rdxe5 26. Bxe5 Rxe5 27. Rb3 Rf5+ 28. Kg2 Ke7 29. Rxd3 a5 30. a3 axb4 31. axb4 Nd5 32. Rd4 Ke6 33. Nd3 b6 34. cxb6 Nxb6 35. Nc5+ Ke5 36. Rd8 Nc4 37. d4+ Kf6 38. Rf8+ Kg6 39. Rxf5 Kxf5 40. Kf3 Kf6 41. Ke4 Nb6 42. d5 g6 43. d6 Kf7 44. Ke5 1-0

[Event "SB-2016-0-00459"]
[Site "LSS email"]
[Date "2016.08.11"]
[Round "?"]
[White "Trent, Benjamin"]
[Black "Montoro, Gustavo Ernesto"]
[Result "1-0"]
[WhiteElo "1800"]
[BlackElo "1892"]
[PlyCount "83"]
[EventDate "2016.07.02"]
[EventType "tourn (corr)"]
[EventRounds "6"]
[EventCountry "GER"]
[SourceTitle "Corr 2022"]
[Source "ChessBase"]
[SourceDate "2021.10.24"]
[SourceVersion "1"]
[SourceVersionDate "2021.10.24"]
[SourceQuality "1"]

1. d4 d5 2. c4 e5 3. dxe5 d4 4. Nf3 Nc6 5. a3 Nge7 6. b4 Ng6 7. Bb2 a5 8. b5 Ncxe5 9. Qxd4 Qxd4 10. Bxd4 Nxc4 11. e3 Nd6 12. Be2 f6 13. Nbd2 Bd7 14. a4 Nf5 15. Bc3 b6 16. 0-0 0-0-0 17. Rfc1 Kb8 18. Nc4 Be6 19. Nxa5 bxa5 20. Bxa5 Rc8 21. Rab1 Ba2 22. b6 Bxb1 23. bxc7+ Ka8 24. Rxb1 Bd6 25. Bd3 Bxc7 26. Bxc7 Rxc7 27. Bxf5 Rb8 28. Rd1 Ne7 29. Be4+ Ka7 30. g4 Rb4 31. Nd4 Kb6 32. Kg2 Rc8 33. Bf3 Ng6 34. Nf5 Rc7 35. Rd6+ Ka5 36. Rd8 Rb2 37. Rg8 Rcc2 38. Ra8+ Kb4 39. Rb8+ Kc3 40. Rxb2 Rxb2 41. Kg3 Kd2 42. Bd5 1-0

[Event "Buenos Aires 111 Years qual"]
[Site "Buenos Aires"]
[Date "2016.04.28"]
[Round "7.5"]
[White "Montoro, Gustavo Ernesto"]
[Black "Carbone, Jose Maria"]
[Result "1/2-1/2"]
[WhiteElo "1952"]
[BlackElo "1955"]
[PlyCount "87"]
[EventDate "2016.04.14"]
[EventType "swiss"]
[EventRounds "7"]
[EventCountry "ARG"]
[SourceTitle "EXT 2024"]
[Source "ChessBase"]
[SourceDate "2023.10.10"]
[SourceVersion "1"]
[SourceVersionDate "2023.10.10"]
[SourceQuality "1"]

1. e4 c6 2. d4 d5 3. exd5 cxd5 4. c4 Nf6 5. Nc3 e6 6. Nf3 Be7 7. c5 0-0 8. b4 a6 9. Bd3 Nc6 10. Rb1 Re8 11. 0-0 Bf8 12. Re1 Bd7 13. Bc2 g6 14. Bg5 h6 15. Bh4 Bg7 16. Qd3 Ne7 17. Ne5 Nf5 18. Bg3 Nxg3 19. hxg3 Rf8 20. f4 Be8 21. g4 Nd7 22. g3 Nxe5 23. dxe5 Rc8 24. f5 d4 25. Rbd1 exf5 26. gxf5 Qg5 27. Nd5 Bb5 28. Qf3 Bc6 29. Rxd4 Rcd8 30. Bb3 gxf5 31. Qf4 Rfe8 32. Kf2 Qh5 33. Qh4 Qxh4 34. gxh4 Bxe5 35. Ne7+ Rxe7 36. Rxd8+ Kg7 37. Rg1+ Kf6 38. a3 Bc7 39. Rdd1 Re4 40. Rg8 Rxh4 41. Rf8 Rh2+ 42. Kg1 Rh1+ 43. Kf2 Rh2+ 44. Kg1 1/2-1/2

[Event "Buenos Aires 111 Years qual"]
[Site "Buenos Aires"]
[Date "2016.04.20"]
[Round "3.1"]
[White "Montoro, Gustavo Ernesto"]
[Black "Coro, Lucas"]
[Result "0-1"]
[WhiteElo "1952"]
[BlackElo "1990"]
[PlyCount "86"]
[EventDate "2016.04.14"]
[EventType "swiss"]
[EventRounds "7"]
[EventCountry "ARG"]
[SourceTitle "EXT 2024"]
[Source "ChessBase"]
[SourceDate "2023.10.10"]
[SourceVersion "1"]
[SourceVersionDate "2023.10.10"]
[SourceQuality "1"]

1. e4 c5 2. Nc3 g6 3. f4 Bg7 4. Nf3 Nc6 5. Bc4 e6 6. 0-0 Nge7 7. d3 0-0 8. Qe1 d5 9. Bb3 Nd4 10. Nxd4 cxd4 11. Nd1 a5 12. a4 b6 13. Nf2 Bb7 14. Bd2 Rc8 15. Qe2 Qd7 16. e5 Nc6 17. Nh3 f6 18. exf6 Bxf6 19. Rae1 Rce8 20. Qg4 Qd6 21. Ng5 Bxg5 22. Qxg5 Rf5 23. Qg3 Ref8 24. Qf3 Bc8 25. g4 R5f7 26. f5 gxf5 27. Bh6 f4 28. Bxf8 Rxf8 29. Rf2 Bd7 30. Rfe2 Kh8 31. h4 Rg8 32. g5 Rf8 33. Kh1 Rf5 34. c3 Ne5 35. Qf2 f3 36. Rxe5 Rxe5 37. Qxd4 f2 38. Rf1 Kg8 39. Rxf2 Re1+ 40. Kg2 Bc6 41. h5 Qe5 42. Qg4 d4+ 43. Rf3 Qe2+ 0-1

[Event "RB-2016-0-00313"]
[Site "LSS email"]
[Date "2016.04.02"]
[Round "?"]
[White "Montoro, Gustavo Ernesto"]
[Black "Almeraya, Eduardo"]
[Result "0-1"]
[WhiteElo "1857"]
[BlackElo "2030"]
[PlyCount "60"]
[EventDate "2016.01.29"]
[EventType "tourn (corr)"]
[EventRounds "6"]
[EventCountry "GER"]
[SourceTitle "Corr 2022"]
[Source "ChessBase"]
[SourceDate "2021.10.24"]
[SourceVersion "1"]
[SourceVersionDate "2021.10.24"]
[SourceQuality "1"]

1. e4 c5 2. Nc3 Nc6 3. g3 g6 4. Bg2 Bg7 5. d3 d6 6. f4 e6 7. Nf3 Nge7 8. 0-0 0-0 9. Be3 b6 10. Bf2 Ba6 11. g4 Qd7 12. Qd2 f5 13. gxf5 gxf5 14. Rae1 Rae8 15. b3 Bxc3 16. Qxc3 fxe4 17. Rxe4 Bb7 18. Qd2 Nf5 19. c3 Kh8 20. Re2 Rg8 21. Be1 h6 22. Kh1 Nce7 23. b4 Rg7 24. bxc5 bxc5 25. Nh4 Reg8 26. Qb2 Bxg2+ 27. Nxg2 Qc6 28. c4 Kh7 29. Bc3 e5 30. fxe5 Ne3 0-1

[Event "Mar del Plata op 47th"]
[Site "Mar del Plata"]
[Date "2016.03.19"]
[Round "1"]
[White "Flores, Diego"]
[Black "Montoro, Gustavo Ernesto"]
[Result "1-0"]
[WhiteElo "2588"]
[BlackElo "2001"]
[PlyCount "73"]
[EventDate "2016.03.19"]
[EventType "swiss"]
[EventRounds "9"]
[EventCountry "ARG"]
[SourceTitle "CBM 171 Extra"]
[Source "ChessBase"]
[SourceDate "2016.04.26"]
[SourceVersion "1"]
[SourceVersionDate "2016.04.26"]
[SourceQuality "1"]

1. c4 Nf6 2. Nf3 g6 3. b4 Bg7 4. Bb2 0-0 5. g3 d6 6. Bg2 e5 7. 0-0 a5 8. b5 c6 9. Nc3 h6 10. d3 Nh5 11. Rb1 f5 12. e3 Kh7 13. bxc6 bxc6 14. Na4 Nd7 15. c5 dxc5 16. Qc2 Ba6 17. Rfd1 Qe7 18. Ba3 Rfb8 19. Nd2 Qd6 20. Nc4 Bxc4 21. Qxc4 Rb4 22. Bxb4 axb4 23. Qb3 Nhf6 24. d4 exd4 25. exd4 cxd4 26. Qxb4 c5 27. Nxc5 Rb8 28. Nb7 Qxb4 29. Rxb4 Ne4 30. Bxe4 fxe4 31. a3 Ne5 32. Nc5 Ra8 33. Nxe4 Rxa3 34. Rb7 g5 35. Kg2 d3 36. Nc5 Kg6 37. Rb3 1-0

[Event "CP-2015-P-00050"]
[Site "LSS email"]
[Date "2015.09.28"]
[Round "?"]
[White "Gumentchuk, Leksandr"]
[Black "Montoro, Gustavo Ernesto"]
[Result "0-1"]
[WhiteElo "1526"]
[BlackElo "1873"]
[PlyCount "54"]
[EventDate "2015.10.01"]
[EventType "tourn (corr)"]
[EventRounds "6"]
[EventCountry "GER"]
[SourceTitle "Corr 2022"]
[Source "ChessBase"]
[SourceDate "2021.10.24"]
[SourceVersion "1"]
[SourceVersionDate "2021.10.24"]
[SourceQuality "1"]

1. c4 Nf6 2. Nc3 g6 3. d4 Bg7 4. e4 0-0 5. Nf3 d6 6. Be2 e5 7. d5 a5 8. Bg5 h6 9. Be3 Ng4 10. Bd2 f5 11. h3 Nf6 12. exf5 gxf5 13. g3 Na6 14. Qc1 Kh7 15. Be3 Nd7 16. Qd2 Nac5 17. 0-0-0 a4 18. Kb1 a3 19. b3 Na6 20. Ne1 f4 21. gxf4 exf4 22. Bd4 Ndc5 23. Bxg7 Bf5+ 24. Bd3 Nxd3 25. Nxd3 Nb4 26. Bxf8 Bxd3+ 27. Kc1 Qf6 0-1

[Event "CP-2015-P-00050"]
[Site "LSS email"]
[Date "2015.09.28"]
[Round "?"]
[White "Krueger, Hilmar"]
[Black "Montoro, Gustavo Ernesto"]
[Result "1-0"]
[WhiteElo "2284"]
[BlackElo "1873"]
[PlyCount "83"]
[EventDate "2015.10.01"]
[EventType "tourn (corr)"]
[EventRounds "6"]
[EventCountry "GER"]
[SourceTitle "Corr 2022"]
[Source "ChessBase"]
[SourceDate "2021.10.24"]
[SourceVersion "1"]
[SourceVersionDate "2021.10.24"]
[SourceQuality "1"]

1. e4 e6 2. d4 d5 3. Nd2 Nf6 4. e5 Nfd7 5. Bd3 c5 6. c3 Nc6 7. Ne2 cxd4 8. cxd4 f6 9. exf6 Nxf6 10. Nf3 Bd6 11. 0-0 Qc7 12. Bg5 0-0 13. Rc1 Bd7 14. Ng3 h6 15. Bd2 Qb6 16. Bc3 Bf4 17. Rc2 Rac8 18. a3 Rc7 19. Re1 Ne7 20. Rce2 Rfc8 21. Ne5 Be8 22. Ng4 Bf7 23. Nxf6+ gxf6 24. Rc2 f5 25. Nh5 Bd6 26. Qf3 Rc6 27. g3 Ng6 28. Qe3 Bf8 29. Kh1 Qd8 30. Bb5 R6c7 31. Ba5 b6 32. Rxc7 Rxc7 33. Bd2 Qe7 34. Bd3 a5 35. Qf3 Qd8 36. g4 Nh4 37. Qh3 Ra7 38. Bf4 Be7 39. Rg1 Bg5 40. Be5 Bxh5 41. gxh5 Kf7 42. Qg3 1-0

[Event "SB-2015-0-00424"]
[Site "LSS email"]
[Date "2015.09.16"]
[Round "?"]
[White "Bujdak, Pavel"]
[Black "Montoro, Gustavo Ernesto"]
[Result "1-0"]
[WhiteElo "1874"]
[BlackElo "1873"]
[PlyCount "83"]
[EventDate "2015.08.07"]
[EventType "tourn (corr)"]
[EventRounds "6"]
[EventCountry "GER"]
[SourceTitle "Corr 2022"]
[Source "ChessBase"]
[SourceDate "2021.10.24"]
[SourceVersion "1"]
[SourceVersionDate "2021.10.24"]
[SourceQuality "1"]

1. e4 e6 2. d4 d5 3. Nd2 Nf6 4. e5 Nfd7 5. Bd3 c5 6. c3 Nc6 7. Ne2 cxd4 8. cxd4 f6 9. exf6 Nxf6 10. 0-0 Bd6 11. Nf3 Qc7 12. h3 0-0 13. Be3 Bd7 14. Rc1 Be8 15. Ng5 Qe7 16. f4 Bh5 17. g4 Be8 18. Nc3 a6 19. a3 b5 20. Qe1 b4 21. axb4 Nxb4 22. Bb1 Nc6 23. f5 e5 24. Nxh7 Nxh7 25. Nxd5 Qf7 26. f6 g5 27. dxe5 Bxe5 28. Rd1 Rb8 29. b4 Bd6 30. Ba2 Kh8 31. Ne7 Bh2+ 32. Kxh2 Qxa2+ 33. Rd2 Qf7 34. Bc5 a5 35. Nf5 axb4 36. Bxf8 Qxf8 37. Rd6 Ra8 38. Ne7 Nxf6 39. Nc8 Rxc8 40. Rfxf6 Qe7 41. Rde6 Qc7+ 42. Kg2 1-0

[Event "ARG-chT"]
[Site "Villa Martelli"]
[Date "2014.09.20"]
[Round "4.3"]
[White "Montoro, Gustavo Ernesto"]
[Black "Segarra Marinetti, Melany"]
[Result "1-0"]
[WhiteElo "1993"]
[BlackElo "1564"]
[PlyCount "29"]
[EventDate "2014.08.30"]
[EventType "team-tourn"]
[EventRounds "9"]
[EventCountry "ARG"]
[SourceTitle "EXT 2015"]
[Source "ChessBase"]
[SourceDate "2014.11.20"]
[SourceVersion "1"]
[SourceVersionDate "2014.11.20"]
[SourceQuality "1"]
[WhiteTeam "Fueguina Federation"]
[BlackTeam "La Torre del Castillo"]
[WhiteTeamCountry "ARG"]
[BlackTeamCountry "ARG"]

1. e4 e5 2. f4 d6 3. Nf3 Nc6 4. Nc3 Nge7 5. Bc4 Bg4 6. Bxf7+ Kxf7 7. Ng5+ Ke8 8. Qxg4 Ng6 9. fxe5 Ngxe5 10. Qe6+ Be7 11. Ne2 Qd7 12. d4 Ng4 13. 0-0 h6 14. Qf7+ Kd8 15. Qxg7 1-0

[Event "BI-2013-F-0012"]
[Site "LSS email"]
[Date "2014.02.21"]
[Round "?"]
[White "Kulczycki, Michael"]
[Black "Montoro, Gustavo Ernesto"]
[Result "1/2-1/2"]
[WhiteElo "1894"]
[BlackElo "1876"]
[PlyCount "89"]
[EventDate "2014.02.27"]
[EventType "tourn (corr)"]
[EventRounds "10"]
[EventCountry "GER"]
[SourceTitle "Corr 2015"]
[Source "ChessBase"]
[SourceDate "2015.07.17"]
[SourceVersion "1"]
[SourceVersionDate "2015.07.17"]
[SourceQuality "1"]

1. e4 e6 2. d4 d5 3. Nc3 Nf6 4. Bg5 Bb4 5. e5 h6 6. Be3 Ne4 7. Bd3 Nxc3 8. Qd2 Nxa2 9. c3 Nxc3 10. bxc3 Be7 11. Ne2 b6 12. Nf4 a5 13. Qe2 Ba6 14. Bxa6 Rxa6 15. 0-0 Qd7 16. Rfc1 a4 17. Qf3 Nc6 18. Nh5 g6 19. Nf6+ Bxf6 20. Qxf6 Rh7 21. Rcb1 Na5 22. Bc1 Nc4 23. Qf3 b5 24. Qg3 c6 25. h4 Qe7 26. Ra2 Rh8 27. Rba1 Kd7 28. Ba3 Qd8 29. Bc5 Kc8 30. Rd1 g5 31. Qf3 gxh4 32. Qxf7 Qg8 33. Qh5 Qg5 34. Qf7 Qg4 35. Bd6 Nxd6 36. exd6 Qxd1+ 37. Kh2 Kb8 38. Qc7+ Ka8 39. d7 Qg4 40. Qc8+ Rxc8 41. dxc8Q+ Ka7 42. Qc7+ Ka8 43. Qc8+ Ka7 44. Qc7+ Ka8 45. Qc8+ 1/2-1/2

[Event "BI-2013-F-0012"]
[Site "LSS email"]
[Date "2014.02.21"]
[Round "?"]
[White "Montoro, Gustavo Ernesto"]
[Black "Abbey, William"]
[Result "0-1"]
[WhiteElo "1876"]
[BlackElo "2031"]
[PlyCount "78"]
[EventDate "2014.02.27"]
[EventType "tourn (corr)"]
[EventRounds "10"]
[EventCountry "GER"]
[SourceTitle "Corr 2015"]
[Source "ChessBase"]
[SourceDate "2015.07.17"]
[SourceVersion "1"]
[SourceVersionDate "2015.07.17"]
[SourceQuality "1"]

1. e4 c5 2. Nf3 Nc6 3. Bb5 e6 4. 0-0 Nge7 5. c3 a6 6. Ba4 b5 7. Bc2 Bb7 8. Re1 Ng6 9. d4 cxd4 10. cxd4 Rc8 11. Nc3 Na5 12. Bg5 f6 13. Bc1 Be7 14. Bd3 0-0 15. a3 Qb6 16. Ne2 Qd6 17. Ng3 Qb6 18. Ne2 Qd6 19. Ng3 Rfe8 20. b3 Bd8 21. Bd2 Bb6 22. e5 Bxf3 23. Qxf3 Qd5 24. Qxd5 exd5 25. Bxa5 Bxa5 26. b4 Bb6 27. Rad1 fxe5 28. Bxg6 hxg6 29. dxe5 Rc2 30. Re2 Rxe2 31. Nxe2 Rxe5 32. Nf4 d4 33. Nxg6 Re2 34. h4 Kf7 35. h5 Ra2 36. Rd3 Ra1+ 37. Kh2 Ra2 38. Kg3 Ke6 39. Nf4+ Ke5 0-1

[Event "OP-2013-0-02960"]
[Site "LSS email"]
[Date "2013.08.23"]
[Round "?"]
[White "Montoro, Gustavo Ernesto"]
[Black "Callow, Chris"]
[Result "1/2-1/2"]
[WhiteElo "1998"]
[BlackElo "2020"]
[PlyCount "69"]
[EventDate "2013.08.19"]
[EventType "tourn (corr)"]
[EventRounds "4"]
[EventCountry "GER"]
[SourceTitle "Corr 2022"]
[Source "ChessBase"]
[SourceDate "2021.10.24"]
[SourceVersion "1"]
[SourceVersionDate "2021.10.24"]
[SourceQuality "1"]

1. e4 e5 2. Nf3 Nc6 3. Bb5 a6 4. Ba4 Nf6 5. 0-0 Be7 6. Re1 b5 7. Bb3 d6 8. c3 0-0 9. h3 Nb8 10. d4 Nbd7 11. Nbd2 Bb7 12. Bc2 Re8 13. Nf1 Bf8 14. Ng3 g6 15. a4 c5 16. d5 c4 17. Bg5 h6 18. Be3 Qc7 19. Qd2 Kh7 20. Ra3 Nc5 21. Rea1 Bg7 22. Qc1 Rec8 23. R1a2 Nfd7 24. axb5 axb5 25. Nh2 Rxa3 26. Rxa3 Nf6 27. Qa1 h5 28. Nf3 Bh6 29. Bxh6 Kxh6 30. Qc1+ Kh7 31. Nh4 Qd8 32. Nf3 Nfd7 33. Nf1 Kg7 34. Ne3 Nf6 35. Nd2 1/2-1/2

[Event "OP-2013-0-02960"]
[Site "LSS email"]
[Date "2013.08.23"]
[Round "?"]
[White "Montoro, Gustavo Ernesto"]
[Black "Molina, Vicente Andres"]
[Result "1-0"]
[WhiteElo "1998"]
[BlackElo "833"]
[PlyCount "29"]
[EventDate "2013.08.19"]
[EventType "tourn (corr)"]
[EventRounds "4"]
[EventCountry "GER"]
[SourceTitle "Corr 2022"]
[Source "ChessBase"]
[SourceDate "2021.10.24"]
[SourceVersion "1"]
[SourceVersionDate "2021.10.24"]
[SourceQuality "1"]

1. e4 d6 2. d4 g6 3. Nc3 Bg7 4. Be3 Nd7 5. Qd2 e6 6. 0-0-0 Ne7 7. Bh6 0-0 8. h4 f5 9. h5 fxe4 10. hxg6 Nxg6 11. Bxg7 Kxg7 12. Qh6+ Kf6 13. Nxe4+ Kf5 14. Rh5+ Kxe4 15. Qe3# 1-0

[Event "BI-2013-P-0000"]
[Site "LSS email"]
[Date "2013.04.22"]
[Round "?"]
[White "Krupa, Bartlomiej"]
[Black "Montoro, Gustavo Ernesto"]
[Result "1/2-1/2"]
[WhiteElo "2231"]
[BlackElo "2017"]
[PlyCount "82"]
[EventDate "2013.04.25"]
[EventType "tourn (corr)"]
[EventRounds "10"]
[EventCountry "GER"]
[SourceTitle "Corr 2022"]
[Source "ChessBase"]
[SourceDate "2021.10.24"]
[SourceVersion "1"]
[SourceVersionDate "2021.10.24"]
[SourceQuality "1"]

1. e4 e6 2. d4 d5 3. Nc3 Nf6 4. e5 Nfd7 5. f4 c5 6. Nf3 Nc6 7. Be3 cxd4 8. Nxd4 Bc5 9. Qd2 0-0 10. 0-0-0 a6 11. h4 Nxd4 12. Bxd4 b5 13. Rh3 b4 14. Na4 Bxd4 15. Qxd4 a5 16. Bb5 Rb8 17. Bd3 f6 18. exf6 Qxf6 19. Qxf6 Rxf6 20. Re3 Rxf4 21. Rxe6 Nf6 22. Rd6 Bg4 23. Re1 Bh5 24. Nb6 Bf7 25. Nd7 Nxd7 26. Rxd7 Rxh4 27. Ra7 g5 28. Rf1 Rf8 29. Rxa5 Be6 30. Re1 Bf7 31. a4 bxa3 32. Rxa3 h5 33. g3 Rg4 34. Bf5 Rb4 35. Ra7 Rbb8 36. Ree7 Ra8 37. Rac7 Rae8 38. Red7 Re3 39. b4 h4 40. gxh4 gxh4 41. Rd6 Rf3 1/2-1/2